[Event "Walldorf GER"]
[Site "?"]
[Date "2006.04.17"]
[Round "6"]
[White "Vogel Heike"]
[Black "Blazkova Petra"]
[Result "0-1"]
[WhiteElo "2203"]
[BlackElo "2242"]
[PlyCount "68"]
[EventDate "2006.??.??"]
[Source "www.chesslib.no"]
[SourceDate "2004.05.04"]

1. d4 f5 2. h3 Nf6 3. g4 d5 4. Nf3 c5 5. c3 Nc6 6. Qd3 e6 7. gxf5 exf5 8. Rg1 Ne4 9. Bf4 Qb6 10. b3 cxd4 11. Nxd4 Nxd4 12. Qxd4 Qxd4 13. cxd4 Bb4+ 14. Nd2 Bc3 15. Rc1 Bxd4 16. Nxe4 fxe4 17. e3 O-O 18. Rg5 Be6 19. Be5 Bxe5 20. Rxe5 Kf7 21. Rc7+ Kf6 22. Rh5 Rfc8 23. Rxc8 Rxc8 24. Kd2 Bf5 25. Be2 Rd8 26. Kc3 Rc8+ 27. Kd2 Rc7 28. f4 exf3 29. Bxf3 g5 30. h4 g4 31. Bxd5 Rd7 32. Rxf5+ Kxf5 33. e4+ Kf4 34. Ke2 g3 0-1

[Event "Bad Wildbad op"]
[Site "Bad Wildbad"]
[Date "2000.??.??"]
[Round "3"]
[White "Goy, Udo"]
[Black "Silber, Gerhard"]
[Result "0-1"]
[WhiteElo "2151"]
[BlackElo "2290"]
[PlyCount "90"]
[EventDate "2000.04.01"]
[Source "www.chesslib.no"]
[SourceDate "2004.05.04"]

1. d4 f5 2. h3 d6 3. g4 fxg4 4. hxg4 Bxg4 5. Qd3 Nf6 6. f3 Bc8 7. Bg5 g6 8. Nc3 c6 9. O-O-O Na6 10. Kb1 Nb4 11. Qd2 Nbd5 12. Nxd5 cxd5 13. Nh3 Nh5 14. Qe1 Qb6 15. e3 Bd7 16. Bd3 O-O-O 17. Bh4 Bxh3 18. Rxh3 Qc7 19. Rh2 Kb8 20. Rc1 Rc8 21. Bf1 e6 22. Bh3 Qf7 23. Rf2 Be7 24. Bxe7 Qxe7 25. Qg1 Rce8 26. c4 dxc4 27. Rxc4 Qf6 28. Qg4 Qf5+ 29. Rfc2 Rc8 30. e4 Qxg4 31. Bxg4 Nf4 32. d5 Rxc4 33. Rxc4 e5 34. Rc1 h5 35. Bd7 Rd8 36. Ba4 a6 37. Rg1 b5 38. Bd1 Rc8 39. Bc2 Kc7 40. b4 Kd8 41. Kb2 Ke7 42. a4 h4 43. axb5 axb5 44. Ra1 g5 45. Ra7+ Kf6 0-1

[Event "CZE-chT2b 0001"]
[Site "?"]
[Date "2000.??.??"]
[Round "?"]
[White "Pokorny Petr"]
[Black "Marsalek Zdenek"]
[Result "1/2-1/2"]
[WhiteElo "2198"]
[BlackElo "2243"]
[PlyCount "61"]
[EventDate "2000.??.??"]
[Source "www.chesslib.no"]
[SourceDate "2004.05.04"]

1. d4 f5 2. h3 d5 3. Nf3 Nf6 4. Bf4 e6 5. e3 Bd6 6. Bxd6 Qxd6 7. c3 O-O 8. Nbd2 Bd7 9. Bd3 Nc6 10. Qc2 Ne4 11. a3 e5 12. dxe5 Nxe5 13. Nxe5 Qxe5 14. Nf3 Qe7 15. Qe2 Rae8 16. O-O a6 17. c4 Nc5 18. b4 Nxd3 19. Qxd3 dxc4 20. Qxc4+ Be6 21. Qf4 Bd5 22. Rac1 c6 23. Rfd1 Qf6 24. Rd4 Qg6 25. Qg5 Qf7 26. Qg3 Qe7 27. Rcd1 Rf6 28. Qf4 a5 29. Ne1 axb4 30. axb4 Qf8 31. Qc7 1/2-1/2

[Event "Tancat A"]
[Site "Castelldefels"]
[Date "2001.??.??"]
[Round "6"]
[White "Serrano Pertinez, Miguel"]
[Black "Del Rio Genado, M."]
[Result "1/2-1/2"]
[WhiteElo "2290"]
[BlackElo "2150"]
[PlyCount "79"]
[EventDate "2001.05.??"]
[Source "www.chesslib.no"]
[SourceDate "2004.05.04"]

1. d4 f5 2. h3 e6 3. g4 Nf6 4. gxf5 exf5 5. Bf4 d5 6. e3 Bd6 7. Qf3 O-O 8. Nd2 Ne4 9. O-O-O c6 10. Bxd6 Qxd6 11. Bd3 a5 12. c4 b6 13. Ne2 Ba6 14. Rhg1 Nd7 15. Ng3 g6 16. Nxf5 Qe6 17. Nxe4 Rxf5 18. Ng5 Rxf3 19. Nxe6 Bxc4 20. Bxc4 dxc4 21. Rg2 Rxh3 22. d5 cxd5 23. Rxd5 Nf6 24. Rd6 Rc8 25. Ng5 Rh1+ 26. Kc2 Rf8 27. e4 Re1 28. f3 b5 29. Ra6 Nh5 30. Ra7 Nf4 31. Rg4 Nd3 32. Nxh7 Rd8 33. Nf6+ Kf8 34. Nd5 Nb4+ 35. Nxb4 axb4 36. Rg2 Rdd1 37. Rxg6 Rc1+ 38. Kd2 Rcd1+ 39. Kc2 Rc1+ 40. Kd2 1/2-1/2

[Event "Suetin mem"]
[Site "Tula"]
[Date "2002.03.25"]
[Round "3"]
[White "Akulov, E."]
[Black "Stepanov, I."]
[Result "0-1"]
[WhiteElo "2248"]
[BlackElo "2190"]
[PlyCount "102"]
[EventDate "2002.03.23"]
[Source "ChessBase"]
[SourceDate "2002.05.03"]

1. d4 f5 2. h3 e6 3. Nc3 Nf6 4. Bg5 Be7 5. g4 d5 6. Qd2 O-O 7. f4 Ne4 8. Bxe7 Qxe7 9. Nxe4 fxe4 10. O-O-O c5 11. e3 c4 12. Ne2 b5 13. f5 b4 14. Nf4 a5 15. Kb1 Qd6 16. Be2 exf5 17. gxf5 Bxf5 18. Bg4 Nc6 19. Rdg1 a4 20. Qg2 Ra7 21. Bxf5 Rxf5 22. Qg4 Raf7 23. Nh5 Qf8 24. Nf4 b3 25. cxb3 axb3 26. a3 Nxd4 27. Rd1 Nc2 28. Nxd5 Rxd5 29. Rxd5 Nxe3 30. Qe6 Nxd5 31. Qxd5 Kh8 32. Qxc4 Rf3 33. Re1 Rxh3 34. Qxe4 h5 35. a4 Qf2 36. Rc1 Rf3 37. Qe8+ Rf8 38. Qxh5+ Kg8 39. Qh3 Qf5+ 40. Qxf5 Rxf5 41. Rg1 g5 42. Kc1 Kf7 43. Kd2 Rc5 44. Kd3 Kg6 45. Ra1 Rc2 46. Ra3 Rxb2 47. Kc3 Ra2 48. Kxb3 Rxa3+ 49. Kxa3 g4 50. a5 g3 51. a6 g2 0-1

[Event "NRW Team Ch U20"]
[Site "GER"]
[Date "1995.??.??"]
[Round "?"]
[White "Keller, Thomas"]
[Black "Wolf, Ulrich Martin"]
[Result "1-0"]
[WhiteElo "2165"]
[BlackElo "2255"]
[PlyCount "75"]
[EventDate "1995.??.??"]
[Source "www.chesslib.no"]
[SourceDate "2004.05.04"]

1. d4 f5 2. h3 d6 3. g4 fxg4 4. hxg4 Bxg4 5. Qd3 Nf6 6. f3 Bc8 7. Nh3 Nc6 8. Ng5 e5 9. Nxh7 e4 10. Nxf6+ Kf7 11. Qc4+ Be6 12. d5 Rxh1 13. Nxe4 Qh4+ 14. Kd2 Ne5 15. dxe6+ Kg8 16. Qb3 Be7 17. Kc3 Rxf1 18. Nbd2 Rg1 19. Qxb7 Rd8 20. Qxa7 d5 21. Qxg1 d4+ 22. Qxd4 Rxd4 23. Kxd4 Nc6+ 24. Kd3 Nb4+ 25. Kc3 Nd5+ 26. Kb3 Qh3 27. c4 Ne3 28. a4 Qxe6 29. a5 Qa6 30. Kc3 Nf5 31. Nb3 Bf6+ 32. Kd3 Nd6 33. Nxd6 cxd6 34. e4 Kf7 35. Nd4 Qa7 36. Be3 Qb7 37. Nb5 Qa6 38. Bd4 1-0

[Event "OL_Tarr.Mue1-SchwabingMue1"]
[Site "?"]
[Date "2003.12.14"]
[Round "4.7"]
[White "Novak Petr"]
[Black "Fedorovsky Michael"]
[Result "0-1"]
[WhiteElo "2173"]
[BlackElo "2247"]
[PlyCount "42"]
[EventDate "2003.??.??"]
[Source "www.chesslib.no"]
[SourceDate "2004.05.04"]

1. d4 f5 2. h3 Nf6 3. g4 d5 4. Qd3 Nc6 5. Nf3 Qd6 6. Nc3 a6 7. Ne5 Nxe5 8. dxe5 Qxe5 9. g5 d4 10. gxf6 dxc3 11. f7+ Kxf7 12. bxc3 g6 13. Bg2 Bg7 14. Bd2 Be6 15. Bxb7 Rad8 16. Qg3 Qb5 17. Qf3 Rxd2 18. Kxd2 Rd8+ 19. Kc1 Qc5 20. a4 Bxc3 21. Rd1 Qb4 0-1

[Event "Hajduboszormeny Knockout"]
[Site "Hajduboszormeny"]
[Date "1995.??.??"]
[Round "1"]
[White "Meszaros, Andras"]
[Black "Szeberenyi, Adam"]
[Result "0-1"]
[WhiteElo "2355"]
[BlackElo "2050"]
[PlyCount "116"]
[EventDate "1995.??.??"]
[Source "www.chesslib.no"]
[SourceDate "2004.05.04"]

1. d4 f5 2. h3 d5 3. g4 Nf6 4. Qd3 e6 5. Bg2 c6 6. Bf4 Bd6 7. Be5 O-O 8. Nc3 Ne4 9. Nf3 Bxe5 10. Nxe5 Na6 11. a3 Qf6 12. Bf3 c5 13. gxf5 Nxc3 14. bxc3 Qxf5 15. Qxf5 Rxf5 16. Rb1 b6 17. Rg1 cxd4 18. cxd4 Bb7 19. Kd2 Nb8 20. Rb3 Nc6 21. Nxc6 Bxc6 22. Rc3 Rc8 23. e4 Rff8 24. Bg4 Kf7 25. Be2 Bb7 26. e5 Rxc3 27. Kxc3 g6 28. Kd2 Kg7 29. Ke3 Rc8 30. Bd3 Rc3 31. Ra1 Rc8 32. h4 Kh6 33. Rg1 Rc3 34. a4 Ra3 35. f4 Ba6 36. a5 Rxa5 37. f5 gxf5 38. Rg8 Bxd3 39. Kxd3 Ra3+ 40. c3 Ra6 41. Rb8 Kh5 42. Rb7 h6 43. c4 Ra3+ 44. Kc2 dxc4 45. Re7 Rd3 46. Rxa7 Rxd4 47. Re7 Re4 48. Rxe6 b5 49. Kc3 f4 50. Kb4 f3 51. Rf6 Rxe5 52. Rxf3 Kxh4 53. Rf1 h5 54. Kc3 Kh3 55. Kd4 Rg5 56. Rh1+ Kg2 57. Rb1 h4 58. Ke3 h3 0-1

[Event "CZE-chT2 9697"]
[Site "Czech Republic"]
[Date "1997.??.??"]
[Round "?"]
[White "Civin, Tomas"]
[Black "Jablecnik, Gustav"]
[Result "1/2-1/2"]
[WhiteElo "2235"]
[BlackElo "2140"]
[PlyCount "43"]
[EventDate "1996.??.??"]
[Source "www.chesslib.no"]
[SourceDate "2004.05.04"]

1. d4 f5 2. h3 d6 3. g4 Nf6 4. g5 Ne4 5. Bf4 Nd7 6. h4 e5 7. Bh2 exd4 8. Qxd4 h6 9. f3 Nec5 10. gxh6 Rxh6 11. Bf4 Rh7 12. Nc3 Be7 13. O-O-O Ne6 14. Qd5 Nxf4 15. Qxf5 Nf8 16. Qxf4 Rxh4 17. Rxh4 Bg5 18. e3 Bxf4 19. Rxf4 Ng6 20. Re4+ Kf8 21. Bh3 Bxh3 22. Nxh3 1/2-1/2

[Event "Hessenliga 9899"]
[Site "Hessen"]
[Date "1999.??.??"]
[Round "?"]
[White "Weil, Michael"]
[Black "Huss, Rolf"]
[Result "0-1"]
[WhiteElo "2140"]
[BlackElo "2220"]
[PlyCount "106"]
[EventDate "1998.10.??"]
[Source "www.chesslib.no"]
[SourceDate "2004.05.04"]

1. d4 f5 2. h3 Nf6 3. g4 d5 4. Qd3 Nc6 5. Nf3 fxg4 6. hxg4 Bxg4 7. Ne5 Nxe5 8. dxe5 Ne4 9. f3 Bf5 10. Qb5+ c6 11. Qxb7 Ng3 12. Bh3 Qc8 13. Qxc8+ Bxc8 14. Rh2 Bxh3 15. Rxh3 Nf5 16. c3 e6 17. e4 Ne7 18. Nd2 Ng6 19. Nb3 Nxe5 20. Nd4 Kd7 21. Ke2 c5 22. Nb3 c4 23. Nd4 Nd3 24. b4 g6 25. Bd2 Bg7 26. Rb1 h5 27. Rg3 dxe4 28. Rxg6 Bxd4 29. cxd4 c3 30. Rg7+ Kd6 31. Be3 c2 32. Rf1 Rhg8 33. Rxg8 Rxg8 34. fxe4 Nxb4 35. Bf4+ Kc6 36. a3 Na2 37. Kd3 Rg2 38. Bd2 Rxd2+ 39. Kxd2 c1=Q+ 40. Rxc1+ Nxc1 41. Kxc1 Kb5 42. Kd2 Kc4 43. Ke3 a5 44. a4 h4 45. d5 exd5 46. exd5 Kxd5 47. Kf3 Kc4 48. Kg4 Kb4 49. Kxh4 Kxa4 50. Kg3 Kb3 51. Kf2 a4 52. Ke2 a3 53. Kd2 a2 0-1

[Event "Corr"]
[Site "?"]
[Date "2004.07.30"]
[Round "?"]
[White "Price Bob"]
[Black "Van Deursen Peter"]
[Result "0-1"]
[WhiteElo "2148"]
[BlackElo "2210"]
[PlyCount "86"]
[EventDate "2004.??.??"]
[Source "www.chesslib.no"]
[SourceDate "2004.05.04"]

1. d4 f5 2. h3 Nf6 3. g4 d5 4. Bg2 fxg4 5. Qd3 Qd6 6. Nc3 c6 7. hxg4 Bxg4 8. Bh3 Na6 9. a3 Bxh3 10. Nxh3 e5 11. dxe5 Qxe5 12. Bf4 Qe7 13. Ng5 Nc5 14. Qd4 h6 15. Be5 Rg8 16. Bxf6 Qxf6 17. Qxf6 gxf6 18. Nf3 a5 19. e3 Kd7 20. Ke2 b5 21. Nd4 Re8 22. Rad1 Rg6 23. Kf3 a4 24. b4 axb3 25. cxb3 f5 26. b4 Ne4 27. Ndxb5 cxb5 28. Nxb5 Kc6 29. Nd4+ Kb6 30. Nxf5 Re5 31. Kf4 Rge6 32. Rh2 Bd6 33. Nxd6 Nxd6 34. Kf3 Rf5+ 35. Ke2 Ne4 36. Rc1 Ref6 37. f4 Kb5 38. Kd3 Ra6 39. Ra1 Rc6 40. a4+ Kxb4 41. a5 Rc3+ 42. Kd4 Rc4+ 43. Kd3 Nc5+ 0-1

[Event "POR-chT"]
[Site "?"]
[Date "2002.08.12"]
[Round "2.2"]
[White "Pinho Paulo"]
[Black "Almeida Manuel"]
[Result "0-1"]
[WhiteElo "2160"]
[BlackElo "2189"]
[PlyCount "76"]
[EventDate "2002.??.??"]
[Source "www.chesslib.no"]
[SourceDate "2004.05.04"]

1. d4 f5 2. h3 b6 3. g4 Bb7 4. d5 Nf6 5. Bg2 e6 6. c4 Bb4+ 7. Nc3 Ne4 8. Qd3 O-O 9. Be3 Na6 10. O-O-O Bxc3 11. bxc3 Nac5 12. Qc2 Qf6 13. gxf5 exf5 14. Kb2 Nxc3 15. Rd4 N3e4 16. Kb1 d6 17. Nf3 f4 18. Bc1 Bc8 19. Bb2 Bf5 20. Rd3 Qe7 21. Nd4 Bg6 22. Rg1 Nxf2 23. Bf1 Nfxd3 24. exd3 Qe1+ 25. Qc1 Qxc1+ 26. Kxc1 Rae8 27. h4 Na4 28. Ne6 Nxb2 29. Kxb2 Rf7 30. Kc3 Bf5 31. Nxf4 Re1 32. Ne2 Bxd3 33. Kxd3 Rexf1 34. Rg4 Ra1 35. Re4 Rf3+ 36. Kd2 Rxa2+ 37. Ke1 Rh3 38. Re7 Rh1+ 0-1

[Event "CZE-chT2 9900"]
[Site "CZE"]
[Date "2000.??.??"]
[Round "?"]
[White "Pokorny, Petr"]
[Black "Jablecnik, Gustav"]
[Result "1/2-1/2"]
[WhiteElo "2165"]
[BlackElo "2180"]
[PlyCount "78"]
[EventDate "1999.??.??"]
[Source "www.chesslib.no"]
[SourceDate "2004.05.04"]

1. d4 f5 2. h3 d6 3. Nf3 g6 4. Bf4 Bg7 5. e3 Nf6 6. Bc4 e6 7. O-O O-O 8. c3 Ne4 9. Nbd2 d5 10. Be2 Bd7 11. Ne5 Be8 12. f3 Nxd2 13. Qxd2 g5 14. Bh2 Nd7 15. Bd3 Nxe5 16. Bxe5 Bxe5 17. dxe5 f4 18. Rad1 c6 19. e4 Bg6 20. exd5 Bxd3 21. Qxd3 cxd5 22. c4 Qb6+ 23. Kh2 Rfd8 24. cxd5 Rxd5 25. Qe4 Rad8 26. Rxd5 Rxd5 27. Rc1 Rd7 28. Qc4 Qc6 29. Qxc6 bxc6 30. Rxc6 Kf7 31. Ra6 Re7 32. b4 Kg6 33. Ra5 Kf5 34. Rc5 h5 35. Kg1 Rd7 36. Ra5 g4 37. Kf1 gxh3 38. gxh3 Kg5 39. Ra6 Re7 1/2-1/2

[Event "Salem, NH"]
[Site "?"]
[Date "2001.07.28"]
[Round "1"]
[White "Sansing Richard"]
[Black "Curdo John"]
[Result "0-1"]
[WhiteElo "2023"]
[BlackElo "2318"]
[PlyCount "50"]
[EventDate "2001.??.??"]
[Source "www.chesslib.no"]
[SourceDate "2004.05.04"]

1. d4 f5 2. h3 Nf6 3. g4 e6 4. Nf3 Be7 5. Nc3 O-O 6. Bf4 d5 7. e3 Ne4 8. Nxe4 fxe4 9. Ne5 c5 10. dxc5 Bxc5 11. Qd2 Nc6 12. O-O-O Qb6 13. Kb1 Be7 14. g5 Nxe5 15. Bxe5 Bxg5 16. Bxg7 Kxg7 17. Rg1 Kh6 18. Qe2 Rf3 19. Bg2 Bf6 20. b3 Rf5 21. Qg4 Qc7 22. Rd4 Rg5 23. Qh4+ Kg7 24. Rdd1 Qe5 25. Rd4 Rg6 0-1

[Event "Spring Open"]
[Site "Spring op Hungary"]
[Date "1995.??.??"]
[Round "?"]
[White "Dobos, Jozsef"]
[Black "Szeberenyi, Adam"]
[Result "1-0"]
[WhiteElo "2325"]
[BlackElo "2015"]
[PlyCount "39"]
[EventDate "1995.??.??"]
[Source "www.chesslib.no"]
[SourceDate "2004.05.04"]

1. d4 f5 2. h3 Nf6 3. g4 fxg4 4. hxg4 Nxg4 5. Qd3 Nf6 6. Rxh7 d5 7. Qg6+ Kd7 8. Rxh8 Qe8 9. Nf3 Nc6 10. Bh3+ Kd8 11. Qxe8+ Kxe8 12. Bxc8 Rxc8 13. Bf4 Nb4 14. Na3 c5 15. c3 Na6 16. e3 Nc7 17. Bxc7 Rxc7 18. Ng5 Rc6 19. O-O-O a6 20. e4 1-0

[Event "CZE-chT2 9900"]
[Site "?"]
[Date "2000.??.??"]
[Round "?"]
[White "Hlavacek Robert"]
[Black "Jablecnik Gustav"]
[Result "1-0"]
[WhiteElo "2155"]
[BlackElo "2180"]
[PlyCount "47"]
[EventDate "2000.??.??"]
[Source "www.chesslib.no"]
[SourceDate "2004.05.04"]

1. d4 f5 2. h3 d6 3. Bf4 g6 4. e3 Bg7 5. Nf3 c5 6. Na3 Nc6 7. c3 e5 8. dxe5 dxe5 9. Qxd8+ Kxd8 10. O-O-O+ Ke7 11. Bg3 Be6 12. Bc4 Nh6 13. Bxe6 Kxe6 14. Nb5 Rac8 15. Rd6+ Ke7 16. Bh4+ Ke8 17. Rhd1 Nf7 18. Rd7 h6 19. Nxa7 Nxa7 20. Re7+ Kf8 21. Rdd7 Nd8 22. Rxg7 g5 23. Nxe5 Nac6 24. Ng6+ 1-0

[Event "Mislata op 9th"]
[Site "Mislata"]
[Date "2000.08.23"]
[Round "7"]
[White "Sanchez Perona, Alejandro"]
[Black "Jorge Bort, Emilio"]
[Result "0-1"]
[WhiteElo "2123"]
[BlackElo "2210"]
[PlyCount "52"]
[EventDate "2000.08.17"]
[Source "www.chesslib.no"]
[SourceDate "2004.05.04"]

1. d4 f5 2. h3 Nf6 3. g4 d5 4. Nc3 fxg4 5. hxg4 Bxg4 6. Qd3 Qd7 7. Bh3 Nc6 8. a3 O-O-O 9. Bxg4 Qxg4 10. Nf3 e6 11. Rh4 Qf5 12. Qd1 Bd6 13. Nb5 Rhf8 14. Nxd6+ cxd6 15. Be3 e5 16. Qd2 Ng4 17. O-O-O e4 18. Ng1 h6 19. f3 Nxe3 20. Qxe3 Rde8 21. f4 Re6 22. c4 Rg6 23. cxd5 Qxd5 24. Kb1 Kb8 25. f5 Qxf5 26. Rxe4 d5 0-1

[Event "POL-chT2"]
[Site "?"]
[Date "2003.09.10"]
[Round "7"]
[White "Grzelak Artur"]
[Black "Chmielinska Alicja"]
[Result "1/2-1/2"]
[WhiteElo "2260"]
[BlackElo "2069"]
[PlyCount "87"]
[EventDate "2003.??.??"]
[Source "www.chesslib.no"]
[SourceDate "2004.05.04"]

1. d4 f5 2. h3 d5 3. Nf3 Nf6 4. Bf4 e6 5. e3 Be7 6. Bd3 c6 7. Nbd2 Ne4 8. Ne5 O-O 9. O-O Nd7 10. c4 g5 11. Bh2 Nxe5 12. Bxe5 Qe8 13. f3 Nxd2 14. Qxd2 Qh5 15. e4 dxe4 16. fxe4 f4 17. Be2 Qg6 18. Bf3 Bd7 19. Qe2 Be8 20. b4 Bf6 21. Bxf6 Qxf6 22. e5 Qd8 23. Rfd1 Qb6 24. Be4 Bg6 25. Bxg6 hxg6 26. a3 Rad8 27. Qe4 Kg7 28. Kh2 f3 29. gxf3 Rf4 30. Qe3 Rdxd4 31. Rxd4 Qxd4 32. Qxd4 Rxd4 33. Kg3 Kf7 34. Rc1 Rd3 35. b5 Re3 36. bxc6 bxc6 37. Rb1 Rxe5 38. Rb7+ Kf6 39. Rxa7 Rc5 40. a4 Rxc4 41. a5 Ra4 42. a6 Ke5 43. Ra8 Kf6 44. a7 1/2-1/2

[Event "SVR-ch MTA"]
[Site "?"]
[Date "2000.??.??"]
[Round "8"]
[White "Muellen Armin"]
[Black "Schoen Ralf"]
[Result "0-1"]
[WhiteElo "2138"]
[BlackElo "2185"]
[PlyCount "76"]
[EventDate "2000.??.??"]
[Source "www.chesslib.no"]
[SourceDate "2004.05.04"]

1. d4 f5 2. h3 d5 3. c3 Nf6 4. Nf3 e6 5. Bg5 Bd6 6. Ne5 Nbd7 7. f4 c5 8. e3 Qb6 9. Nxd7 Bxd7 10. Bxf6 gxf6 11. Qd2 O-O-O 12. Be2 Rhg8 13. O-O Kb8 14. a4 a6 15. a5 Qc7 16. Na3 Qxa5 17. Nc4 Qc7 18. Nxd6 Qxd6 19. Ra5 Rc8 20. Rfa1 c4 21. b3 Bb5 22. Qb2 Qc6 23. Kf2 e5 24. bxc4 dxc4 25. Bf3 e4 26. Bd1 Rg7 27. Ba4 Rcg8 28. g4 fxg4 29. h4 g3+ 30. Kg2 Qd7 31. Bxb5 Qg4 32. Rf1 Qxh4 33. Rh1 Qg4 34. Rf1 axb5 35. Qa2 Qh5 36. Ra8+ Kc7 37. Qa5+ Kd7 38. Qxb5+ Qxb5 0-1

[Event "Madrid op"]
[Site "Madrid"]
[Date "2000.??.??"]
[Round "6"]
[White "Bandres Carballo, Julio"]
[Black "Palacios Perez, Manuel"]
[Result "1/2-1/2"]
[WhiteElo "2152"]
[BlackElo "2150"]
[PlyCount "90"]
[EventDate "2000.??.??"]
[Source "www.chesslib.no"]
[SourceDate "2004.05.04"]

1. d4 f5 2. h3 d5 3. Bf4 Nf6 4. e3 e6 5. Bd3 c6 6. c3 Be7 7. Nf3 O-O 8. Nbd2 Nbd7 9. Qe2 Ne4 10. g4 e5 11. Nxe5 Nxe5 12. Bxe5 Bh4 13. Bxe4 fxg4 14. Bxh7+ Kxh7 15. O-O-O Rxf2 16. Qd3+ Bf5 17. e4 dxe4 18. Qe3 gxh3 19. Nxe4 Bxe4 20. Qxe4+ Kg8 21. Rdg1 Rg2 22. Rxg2 hxg2 23. Qxg2 Qg5+ 24. Qxg5 Bxg5+ 25. Kc2 Rf8 26. Rh2 Rf3 27. Rg2 Bh6 28. a4 Kf7 29. a5 a6 30. Kb3 g5 31. Kc4 Kg6 32. Kc5 Bf8+ 33. Kb6 Rf7 34. c4 Rd7 35. Rd2 Be7 36. d5 Bd8+ 37. Kc5 cxd5 38. cxd5 Bxa5 39. b4 Bd8 40. d6 Kf5 41. Kd5 Bb6 42. Rd1 Be3 43. Re1 Bd2 44. Rf1+ Bf4 45. Re1 Bd2 1/2-1/2

[Event "EU Ch U16 Girls"]
[Site "EU-ch U16 Girls"]
[Date "1995.??.??"]
[Round "6"]
[White "Izdebska, Maja"]
[Black "Vajda, Szidonia"]
[Result "0-1"]
[WhiteElo "2090"]
[BlackElo "2205"]
[PlyCount "66"]
[EventDate "1995.??.??"]
[Source "www.chesslib.no"]
[SourceDate "2004.05.04"]

1. d4 f5 2. h3 d5 3. c4 e6 4. Nf3 Nf6 5. Bf4 Bd6 6. e3 c6 7. Bxd6 Qxd6 8. Qc2 Ne4 9. Nc3 Nd7 10. Bd3 O-O 11. O-O-O b6 12. Ne1 Ba6 13. Rg1 Bxc4 14. Bxc4 dxc4 15. Nxe4 fxe4 16. f3 exf3 17. gxf3 b5 18. Rd2 Nb6 19. Rdg2 Rf7 20. Rg5 Nd5 21. Qg2 Qe7 22. Nc2 b4 23. Qe2 b3 24. axb3 cxb3 25. Na3 c5 26. Kb1 cxd4 27. exd4 Qxa3 28. bxa3 Nc3+ 29. Kb2 Nxe2 30. R1g4 Rb8 31. Re5 Nf4 32. Re4 Nd3+ 33. Kb1 Nf2 0-1

[Event "Universiada"]
[Site "Evpatoria (Ukraine)"]
[Date "2007.06.09"]
[Round "5"]
[White "Kalinin Mikolaj (UKR)"]
[Black "Yeremenko Andrei (UKR)"]
[Result "0-1"]
[WhiteElo "2217"]
[BlackElo "2056"]
[PlyCount "74"]
[EventDate "2007.??.??"]
[Source "www.chesslib.no"]
[SourceDate "2004.05.04"]

1. d4 f5 2. h3 d6 3. Nc3 Nf6 4. Bg5 g6 5. Qd2 h6 6. Bxf6 exf6 7. e3 d5 8. Bd3 h5 9. Nge2 Nc6 10. Bb5 a6 11. Bxc6+ bxc6 12. Nf4 Kf7 13. h4 a5 14. Na4 Bb4 15. c3 Bd6 16. g3 Qe7 17. b3 Ba6 18. Qc2 Ba3 19. Nb2 Rhd8 20. O-O-O c5 21. Kd2 Qe4 22. Nfd3 c4 23. Nc5 Qf3 24. Rh2 Bb5 25. Ke1 Rab8 26. Rb1 Re8 27. Nd1 Rb6 28. Qd2 Reb8 29. Nb2 Bc6 30. Qd1 Qxd1+ 31. Kxd1 cxb3 32. axb3 Bxc5 33. dxc5 Rxb3 34. Kc2 Ba4 35. Nxa4 Rxb1 36. c6 R8b5 37. c4 dxc4 0-1

[Event "Marlboro, MA"]
[Site "?"]
[Date "2002.08.30"]
[Round "1"]
[White "Cherniack Alex"]
[Black "Girnius Tomas"]
[Result "1-0"]
[WhiteElo "2286"]
[BlackElo "1974"]
[PlyCount "107"]
[EventDate "2002.??.??"]
[Source "www.chesslib.no"]
[SourceDate "2004.05.04"]

1. d4 f5 2. h3 d5 3. Nf3 Nf6 4. Bf4 e6 5. Nbd2 Bd6 6. Ne5 O-O 7. Ndf3 c5 8. e3 Qb6 9. Be2 Ne4 10. O-O Nc6 11. Nxc6 bxc6 12. Bxd6 Nxd6 13. dxc5 Qxc5 14. Qd4 Qxd4 15. exd4 Rb8 16. b3 Rb6 17. Rfe1 Nf7 18. c3 Re8 19. Bd3 Kf8 20. Re3 g6 21. b4 Ba6 22. Bxa6 Rxa6 23. a4 Rb6 24. Rae1 a5 25. bxa5 Ra6 26. Rxe6 Rxe6 27. Rxe6 Nd8 28. Re1 Rxa5 29. Ra1 Ra6 30. Ne5 Nb7 31. Nd3 Ra5 32. Rb1 Nd6 33. Nc5 Ne4 34. Rb8+ Kf7 35. Rb7+ Kg8 36. Nxe4 fxe4 37. Rc7 Ra6 38. Kh2 Kh8 39. Kg3 Kg8 40. Kf4 Rxa4 41. Rxc6 Ra7 42. Ke5 Rf7 43. Kxd5 Rxf2 44. Kxe4 Rxg2 45. Kf3 Rd2 46. Rc7 Rd3+ 47. Kg4 h5+ 48. Kg5 Rg3+ 49. Kf6 h4 50. d5 Rxh3 51. d6 Rd3 52. d7 Rd6+ 53. Kg5 h3 54. Rc8+ 1-0

[Event "HUN-chT29899"]
[Site "HUN"]
[Date "1998.??.??"]
[Round "?"]
[White "Kovacs, Zoltan2"]
[Black "Hajdu, Istvan"]
[Result "1/2-1/2"]
[WhiteElo "2070"]
[BlackElo "2190"]
[PlyCount "119"]
[EventDate "1998.??.??"]
[Source "www.chesslib.no"]
[SourceDate "2004.05.04"]

1. d4 f5 2. h3 d5 3. Bf4 e6 4. e3 Ne7 5. Be2 Nd7 6. Nc3 c6 7. h4 Qa5 8. a3 b5 9. b4 Qb6 10. Bd6 Ng6 11. Bxf8 Ngxf8 12. f4 a5 13. Nf3 h5 14. Nd2 g6 15. Nb3 a4 16. Nd2 Nf6 17. Nf3 Rb8 18. Ne5 Qc7 19. Bf3 N6d7 20. Nd3 Qd6 21. Ne2 Nh7 22. Ng1 Qe7 23. g3 Bb7 24. Qe2 Nhf6 25. Nh3 Kd8 26. Qd2 Ne8 27. Be2 Nd6 28. Ndf2 Nf6 29. Ng5 Nf7 30. Nxf7+ Qxf7 31. Bf3 Nd7 32. Nd3 Qf6 33. Nc5 Ke7 34. Kf2 Nb6 35. Be2 Rhd8 36. Qc3 Ba8 37. Na6 Nd7 38. Nxb8 Rxb8 39. Qd3 Kf7 40. Rag1 Nb6 41. Qd1 Rh8 42. Qd3 Nc4 43. Qc3 Nd6 44. Bd3 Qe7 45. Rh2 Rc8 46. Qb2 Bb7 47. Ke1 Ne8 48. Kd2 Nf6 49. Kc1 Ng4 50. Re2 Nf6 51. Kb1 Qd6 52. Ka1 Rc7 53. Rd1 Bc8 54. Qb1 Bd7 55. c3 Kg7 56. Bc2 Ra7 57. Rdd2 Qb8 58. Qd1 Qe8 59. Rg2 Kh6 60. Bd3 1/2-1/2

[Event "It (open)"]
[Site "Teplice (Czech Republic)"]
[Date "2007.06.18"]
[Round "4"]
[White "Stanek Stanislav (CZE)"]
[Black "Vanek Tomas (CZE)"]
[Result "0-1"]
[WhiteElo "2007"]
[BlackElo "2251"]
[PlyCount "90"]
[EventDate "2007.??.??"]
[Source "www.chesslib.no"]
[SourceDate "2004.05.04"]

1. d4 f5 2. h3 d6 3. Bg5 Nf6 4. e3 Ne4 5. Bf4 d5 6. Nf3 e6 7. Ne5 Qh4 8. g3 Qe7 9. Nd3 c6 10. c3 Nd7 11. f3 Nd6 12. Bxd6 Qxd6 13. f4 Qe7 14. Bg2 c5 15. Nd2 c4 16. Nf2 Qd8 17. g4 Be7 18. gxf5 Nf6 19. fxe6 Bxe6 20. Qc2 Rb8 21. Nf3 Qc8 22. Ne5 Bf5 23. Qe2 b5 24. e4 dxe4 25. Nxe4 Nxe4 26. Bxe4 Bh4+ 27. Kd2 O-O 28. Rag1 g6 29. Bxf5 Qxf5 30. Rg4 Bf6 31. Re1 Bxe5 32. fxe5 Qe6 33. Reg1 b4 34. Qe4 bxc3+ 35. bxc3 Rf5 36. Ke3 Rbf8 37. R1g3 Kg7 38. h4 Qb6 39. Qc2 Rf1 40. Rg2 R8f5 41. Ke2 Qb7 42. Re4 Qf7 43. Kd2 R5f2+ 44. Rxf2 Qxf2+ 45. Re2 Qf4+ 0-1

[Event "XI Festival"]
[Site "Voronezh RUS"]
[Date "2007.06.20"]
[Round "8"]
[White "Ovsiannikov, M."]
[Black "Khashimov, V."]
[Result "1/2-1/2"]
[WhiteElo "2054"]
[BlackElo "2182"]
[PlyCount "96"]
[EventDate "2007.06.12"]
[Source "www.chesslib.no"]
[SourceDate "2004.05.04"]

1. d4 f5 2. h3 Nf6 3. g4 d5 4. g5 Ne4 5. Nc3 g6 6. Bf4 Bg7 7. Nxe4 fxe4 8. e3 c5 9. c3 cxd4 10. exd4 O-O 11. Qd2 Nc6 12. O-O-O Be6 13. f3 Bf5 14. Bg2 Qa5 15. fxe4 dxe4 16. b3 Rac8 17. Kb2 Rfd8 18. Be3 Ne5 19. Ne2 Nd3+ 20. Ka1 b5 21. Ng3 Rxc3 22. Bxe4 Nb4 23. Rh2 Rc2 24. Qxc2 Nxc2+ 25. Rxc2 Bxe4 26. Nxe4 Qb4 27. Kb1 Bxd4 28. Bd2 Qa3 29. Bc3 Bb6 30. Rxd8+ Bxd8 31. Rd2 Bb6 32. Rd7 Kf8 33. Bf6 Be3 34. Bxe7+ Qxe7 35. Rxe7 Kxe7 36. Kc2 Ke6 37. Kd3 Bb6 38. Ke2 Kf5 39. Kf3 Bd8 40. Nd6+ Ke6 41. Nxb5 a6 42. Nc3 Bxg5 43. Ke4 Be7 44. Nd5 Bd6 45. b4 g5 46. a4 h5 47. b5 axb5 48. axb5 g4 1/2-1/2